Recommandations de la Société Française d’Endoscopie Digestive sur l’ergonomie en endoscopie digestive (notice n° 1576973)
[ vue normale ]
| 000 -LEADER | |
|---|---|
| fixed length control field | 00990cam a2200265 4500500 |
| 005 - DATE AND TIME OF LATEST TRANSACTION | |
| control field | 20251214042707.0 |
| 041 ## - LANGUAGE CODE | |
| Language code of text/sound track or separate title | fre |
| 042 ## - AUTHENTICATION CODE | |
| Authentication code | dc |
| 100 10 - MAIN ENTRY--PERSONAL NAME | |
| Personal name | Yzet, Clara |
| Relator term | author |
| 245 00 - TITLE STATEMENT | |
| Title | Recommandations de la Société Française d’Endoscopie Digestive sur l’ergonomie en endoscopie digestive |
| 260 ## - PUBLICATION, DISTRIBUTION, ETC. | |
| Date of publication, distribution, etc. | 2025.<br/> |
| 500 ## - GENERAL NOTE | |
| General note | 39 |
| 700 10 - ADDED ENTRY--PERSONAL NAME | |
| Personal name | Chevaux, Jean-Baptiste |
| Relator term | author |
| 700 10 - ADDED ENTRY--PERSONAL NAME | |
| Personal name | Schaefer, Marion |
| Relator term | author |
| 700 10 - ADDED ENTRY--PERSONAL NAME | |
| Personal name | Telliez, Frédéric |
| Relator term | author |
| 700 10 - ADDED ENTRY--PERSONAL NAME | |
| Personal name | Jézéquel, Julien |
| Relator term | author |
| 700 10 - ADDED ENTRY--PERSONAL NAME | |
| Personal name | Kaassis, Mehdi |
| Relator term | author |
| 700 10 - ADDED ENTRY--PERSONAL NAME | |
| Personal name | Bories, Erwan |
| Relator term | author |
| 700 10 - ADDED ENTRY--PERSONAL NAME | |
| Personal name | Gincul, Rodica |
| Relator term | author |
| 700 10 - ADDED ENTRY--PERSONAL NAME | |
| Personal name | Pioche, Mathieu |
| Relator term | author |
| 700 10 - ADDED ENTRY--PERSONAL NAME | |
| Personal name | Vanbiervliet, Geoffroy |
| Relator term | author |
| 700 10 - ADDED ENTRY--PERSONAL NAME | |
| Personal name | Vanbiervliet, William |
| Relator term | author |
| 786 0# - DATA SOURCE ENTRY | |
| Note | Hépato-Gastro & Oncologie Digestive | 32 | 9 | 2025-12-02 | p. 893-897 | 2115-3310 |
| 856 41 - ELECTRONIC LOCATION AND ACCESS | |
| Uniform Resource Identifier | <a href="https://stm.cairn.info/revue-hepato-gastro-oncologie-digestive-2025-9-page-893?lang=fr&redirect-ssocas=7080">https://stm.cairn.info/revue-hepato-gastro-oncologie-digestive-2025-9-page-893?lang=fr&redirect-ssocas=7080</a> |
Pas d'exemplaire disponible.




Réseaux sociaux